[Event "San Francisco TNM Summer op"]
[Site "San Francisco"]
[Date "2015.07.14"]
[Round "8"]
[White "Brown, David G"]
[Black "Raza, Aezed S"]
[Result "1-0"]
[WhiteElo "1323"]
[BlackElo "1697"]
[PlyCount "57"]
[EventDate "2015.05.26"]
[EventType "swiss"]
[EventRounds "8"]
[EventCountry "USA"]
[SourceTitle "EXT 2016"]
[Source "ChessBase"]
[SourceDate "2015.10.08"]
[SourceVersion "1"]
[SourceVersionDate "2015.10.08"]
[SourceQuality "1"]

1. e4 c5 2. Nf3 d6 3. c3 Nf6 4. d3 g6 5. Bg5 Bg7 6. Be2 0-0 7. 0-0 Nc6 8. Nbd2 b6 9. a4 Bb7 10. Nc4 Qc7 11. Qd2 Rfd8 12. Qf4 Nh5 13. Qe3 d5 14. Na3 d4 15. cxd4 Nxd4 16. Nxd4 Bxd4 17. Qd2 Nf6 18. Nb5 Qd7 19. Nxd4 Qxd4 20. Be3 Qd7 21. Qc3 Qd6 22. a5 e5 23. f4 exf4 24. Bxf4 Qd4+ 25. Qxd4 cxd4 26. axb6 axb6 27. Bg5 Rxa1 28. Rxa1 Rd6 29. e5 1-0

[Event "San Francisco TNM Summer op"]
[Site "San Francisco"]
[Date "2015.07.07"]
[Round "7"]
[White "Brown, David G"]
[Black "Bertot, German"]
[Result "1-0"]
[WhiteElo "1323"]
[BlackElo "1628"]
[PlyCount "93"]
[EventDate "2015.05.26"]
[EventType "swiss"]
[EventRounds "8"]
[EventCountry "USA"]
[SourceTitle "EXT 2016"]
[Source "ChessBase"]
[SourceDate "2015.10.08"]
[SourceVersion "1"]
[SourceVersionDate "2015.10.08"]
[SourceQuality "1"]

1. e4 e5 2. Nf3 Nc6 3. Nc3 Bc5 4. Nxe5 Bxf2+ 5. Kxf2 Nxe5 6. d4 Ng6 7. Bc4 d6 8. Rf1 Nf6 9. e5 dxe5 10. dxe5 Qxd1 11. Rxd1 Ng4+ 12. Kg1 N4xe5 13. Re1 0-0 14. Bb3 c6 15. h4 Re8 16. h5 Nf3+ 17. gxf3 Rxe1+ 18. Kf2 Re8 19. hxg6 hxg6 20. Bf4 Bf5 21. Ne2 Rad8 22. Ng3 Be6 23. Bxe6 Rxe6 24. Ne4 Rde8 25. Rd1 b6 26. Rd7 R6e7 27. Rxe7 Rxe7 28. b4 f6 29. a4 Kf7 30. c4 Rd7 31. c5 bxc5 32. bxc5 Rd4 33. a5 Ke6 34. Ke3 Ra4 35. Bc7 Kd7 36. Bd6 Rxa5 37. Bf8 f5 38. Ng5 Ke8 39. Bd6 Ra3+ 40. Kd4 a5 41. Kc4 Ra1 42. f4 Rb1 43. Kc3 a4 44. Kc2 Rb5 45. Ne6 a3 46. Nc7+ Kd7 47. Nxb5 1-0